Statistiques concernant Les groupes de Ligue Europa 2023-2024

Cliquez ici pour prendre le quiz!

Statistiques générales

  • Ce quiz a été pris 35 fois
  • Le résultat moyen est 16 sur 32

Statistiques - réponses

% Correct
Marseille
100%
Liverpool
89%
Brighton
85%
Rennes
85%
Ajax Amsterdam
81%
Toulouse
81%
AEK
78%
Villarreal
78%
AS Rome
67%
Leverkusen
63%
Union Saint-Gilloise
63%
Panathinaikos
59%
LASK Linz
56%
Maccabi Haifa
56%
Sporting Lisbonne
56%
West Ham
56%
Real Betis
52%
Atalanta
48%
Fribourg
41%
Rangers
41%
Olympiakos
37%
Molde
33%
Servette
30%
Sparta Prague
26%
Hacken
22%
Sheriff Tiraspol
22%
Slavia Prague
22%
Sturm Graz
22%
Qarabag
19%
Rakow
15%
Aris Limassol
7%
TSC Backa Tapola
4%

Distribution des résultats

Percentile par nombre de réponses

% des personnes avec chaque résultat

Votre développement - résultats

Vous n’avez pas pris ce quiz